| 000 | 00451nam a2200181Ia 4500 | ||
|---|---|---|---|
| 001 | 24397 | ||
| 005 | 20260414151040.0 | ||
| 008 | 260414t2007||||xx |||||||||||||| ||spa|| | ||
| 041 | _aESP | ||
| 082 |
_a345.7 _bG91 T. 2 |
||
| 110 | _aGaceta Jurídica | ||
| 245 | 0 |
_aGuía procesal del abogado : _bguía completa de procesos |
|
| 260 | _c2007 | ||
| 300 |
_a381 páginas : _c24 cm. |
||
| 650 | _aDER | ||
| 654 | _aCDE | ||
| 942 |
_cLIB _dJUS _fJUS _2ddc _n |
||
| 999 |
_c24397 _d24397 |
||